| 000 | 01279nam a22002657a 4500 | ||
|---|---|---|---|
| 003 | MN-UlLSGH | ||
| 005 | 20260625152856.0 | ||
| 008 | 260625b mp ||||| vl|| 00| 0 mon d | ||
| 020 | _a978-991902419-2 | ||
| 040 | _cMN-ULPAL | ||
| 084 |
_a67.408 _bЭ807 |
||
| 100 | 0 |
_aЭрдэнэбулган, Ж. _eзохиогч _97475 |
|
| 245 | 1 | _aЭрүүгийн эрх зүйн бодлого, тохиолдол, хууль хэрэглээ / | |
| 260 |
_aУлаанбаатар _bХөх судар принтинг _c2024 |
||
| 300 |
_a277 хуудастай _c21 см |
||
| 336 |
_2rdacontent _atext _btxt |
||
| 337 |
_ardamedia _bunmediated |
||
| 338 |
_avolume _brdacarrier |
||
| 520 | _aУг бүтээлийг шүүхээр шийдвэрлэсэн эрүүгийн бодит хэргүүдээс түүвэрлэн одоо сургалтад хэрэглэж байгаа бодлого бодох нийтлэг аргачлалд тулгуурлан боловсруулжээ. | ||
| 650 | 4 |
_aэрүүгийн эрх зүй _zМонгол |
|
| 700 | 0 |
_aБатгэрэл, С. _eзохиогч _916400 |
|
| 700 | 0 |
_aГалбадар, Л. _eзохиогч _916401 |
|
| 700 | 0 |
_aМөнхбаатар, М. _eзохиогч _916402 |
|
| 942 |
_2ББК _cBK _n0 |
||
| 999 |
_c32437 _d32437 |
||